<?xml version="1.0" encoding="UTF-8"?>
<record
    xmlns:xsi="http://www.w3.org/2001/XMLSchema-instance"
    xsi:schemaLocation="http://www.loc.gov/MARC21/slim http://www.loc.gov/standards/marcxml/schema/MARC21slim.xsd"
    xmlns="http://www.loc.gov/MARC21/slim">

  <leader>01338nam a22003255a 4500</leader>
  <controlfield tag="003">OSt</controlfield>
  <controlfield tag="005">20170731135652.0</controlfield>
  <controlfield tag="008">170726s2016    ua a   gr     000 0 ara d</controlfield>
  <datafield tag="017" ind1=" " ind2=" ">
    <subfield code="a">2016 / 7929</subfield>
  </datafield>
  <datafield tag="020" ind1=" " ind2=" ">
    <subfield code="a">9789774523552</subfield>
  </datafield>
  <datafield tag="040" ind1=" " ind2=" ">
    <subfield code="a">EG-ScBUE</subfield>
    <subfield code="b">ara</subfield>
    <subfield code="c">EG-ScBUE</subfield>
  </datafield>
  <datafield tag="043" ind1=" " ind2=" ">
    <subfield code="a">f-ua---</subfield>
  </datafield>
  <datafield tag="082" ind1="0" ind2="4">
    <subfield code="a">079.62</subfield>
    <subfield code="b">&#x645; &#x646; &#x635;</subfield>
    <subfield code="2">22</subfield>
  </datafield>
  <datafield tag="100" ind1="1" ind2=" ">
    <subfield code="a">&#x645;&#x646;&#x635;&#x648;&#x631;&#x60C; &#x623;&#x64A;&#x645;&#x646;.</subfield>
  </datafield>
  <datafield tag="245" ind1="1" ind2="0">
    <subfield code="a">&#x646;&#x642;&#x627;&#x628;&#x629; &#x627;&#x644;&#x635;&#x62D;&#x641;&#x64A;&#x64A;&#x646; :</subfield>
    <subfield code="b">&#x645;&#x646;&#x627;&#x631;&#x629; &#x627;&#x644;&#x62D;&#x631;&#x64A;&#x629; /</subfield>
    <subfield code="c">&#x625;&#x639;&#x62F;&#x627;&#x62F; &#x648;&#x62A;&#x623;&#x644;&#x64A;&#x641; &#x623;&#x64A;&#x645;&#x646; &#x645;&#x646;&#x635;&#x648;&#x631;&#x60C; &#x645;&#x62D;&#x645;&#x62F; &#x62D;&#x62C;&#x627;&#x632;&#x64A;&#x60C; &#x623;&#x62D;&#x645;&#x62F; &#x639;&#x628;&#x62F; &#x627;&#x644;&#x639;&#x627;&#x637;&#x64A; &#x61B; &#x62A;&#x642;&#x62F;&#x64A;&#x645; &#x625;&#x633;&#x645;&#x627;&#x639;&#x64A;&#x644; &#x633;&#x631;&#x627;&#x62C; &#x627;&#x644;&#x62F;&#x64A;&#x646;&#x60C; &#x64A;&#x62D;&#x64A;&#x649; &#x642;&#x644;&#x627;&#x634; &#x61B; &#x62A;&#x62D;&#x631;&#x64A;&#x631; &#x62E;&#x627;&#x644;&#x62F; &#x639;&#x632;&#x628;.</subfield>
  </datafield>
  <datafield tag="260" ind1=" " ind2=" ">
    <subfield code="a"> &#x627;&#x644;&#x625;&#x633;&#x643;&#x646;&#x62F;&#x631;&#x64A;&#x629; :</subfield>
    <subfield code="b">&#x645;&#x643;&#x62A;&#x628;&#x629; &#x627;&#x644;&#x625;&#x633;&#x643;&#x646;&#x62F;&#x631;&#x64A;&#x629;&#x60C; &#x625;&#x62F;&#x627;&#x631;&#x629; &#x627;&#x644;&#x645;&#x634;&#x631;&#x648;&#x639;&#x627;&#x62A; &#x627;&#x644;&#x62E;&#x627;&#x635;&#x629;&#x60C;</subfield>
    <subfield code="c">2016.</subfield>
  </datafield>
  <datafield tag="300" ind1=" " ind2=" ">
    <subfield code="a">297 &#x635;. :</subfield>
    <subfield code="b">&#x625;&#x64A;&#x636;. &#x61B;</subfield>
    <subfield code="c">24 &#x633;&#x645;.</subfield>
  </datafield>
  <datafield tag="541" ind1=" " ind2=" ">
    <subfield code="a">&#x625;&#x647;&#x62F;&#x627;&#x621; &#x645;&#x646; &#x62F;. &#x645;&#x62D;&#x645;&#x62F; &#x634;&#x648;&#x645;&#x627;&#x646;.</subfield>
  </datafield>
  <datafield tag="590" ind1=" " ind2=" ">
    <subfield code="a">&#x62F;&#x639;&#x627;&#x621;</subfield>
  </datafield>
  <datafield tag="610" ind1="2" ind2="7">
    <subfield code="a">&#x646;&#x642;&#x627;&#x628;&#x629; &#x627;&#x644;&#x635;&#x62D;&#x641;&#x64A;&#x64A;&#x646; (&#x645;&#x635;&#x631;)</subfield>
    <subfield code="x">&#x62A;&#x627;&#x631;&#x64A;&#x62E;.</subfield>
    <subfield code="2">BUEsh</subfield>
  </datafield>
  <datafield tag="650" ind1=" " ind2="7">
    <subfield code="a">&#x627;&#x644;&#x635;&#x62D;&#x627;&#x641;&#x629;</subfield>
    <subfield code="z">&#x645;&#x635;&#x631;.</subfield>
    <subfield code="x">&#x62A;&#x627;&#x631;&#x64A;&#x62E;</subfield>
    <subfield code="2">BUEsh</subfield>
  </datafield>
  <datafield tag="651" ind1=" " ind2=" ">
    <subfield code="2">BUEsh</subfield>
  </datafield>
  <datafield tag="653" ind1=" " ind2=" ">
    <subfield code="b">GGEN</subfield>
    <subfield code="b">COMAME</subfield>
    <subfield code="c">July2017</subfield>
  </datafield>
  <datafield tag="700" ind1="1" ind2="7">
    <subfield code="a">&#x62D;&#x62C;&#x627;&#x632;&#x64A;&#x60C; &#x645;&#x62D;&#x645;&#x62F;.</subfield>
  </datafield>
  <datafield tag="700" ind1="1" ind2="7">
    <subfield code="a">&#x639;&#x628;&#x62F; &#x627;&#x644;&#x639;&#x627;&#x637;&#x64A;&#x60C; &#x623;&#x62D;&#x645;&#x62F;.</subfield>
  </datafield>
  <datafield tag="700" ind1="1" ind2="7">
    <subfield code="a">&#x633;&#x631;&#x627;&#x62C; &#x627;&#x644;&#x62F;&#x64A;&#x646;&#x60C; &#x625;&#x633;&#x645;&#x627;&#x639;&#x64A;&#x644;.</subfield>
    <subfield code="e">&#x645;&#x642;&#x62F;&#x645;.</subfield>
  </datafield>
  <datafield tag="700" ind1="1" ind2="7">
    <subfield code="a">&#x642;&#x644;&#x627;&#x634;&#x60C; &#x64A;&#x62D;&#x64A;&#x649;.</subfield>
    <subfield code="e">&#x645;&#x642;&#x62F;&#x645;.</subfield>
  </datafield>
  <datafield tag="700" ind1="1" ind2="7">
    <subfield code="a">&#x639;&#x632;&#x628;&#x60C; &#x62E;&#x627;&#x644;&#x62F;.</subfield>
    <subfield code="e">&#x645;&#x62D;&#x631;&#x631;.</subfield>
  </datafield>
  <datafield tag="942" ind1=" " ind2=" ">
    <subfield code="2">ddc</subfield>
  </datafield>
  <datafield tag="999" ind1=" " ind2=" ">
    <subfield code="c">25075</subfield>
    <subfield code="d">25047</subfield>
  </datafield>
  <datafield tag="952" ind1=" " ind2=" ">
    <subfield code="0">0</subfield>
    <subfield code="1">0</subfield>
    <subfield code="2">ddc</subfield>
    <subfield code="4">0</subfield>
    <subfield code="7">0</subfield>
    <subfield code="a">MAIN</subfield>
    <subfield code="b">MAIN</subfield>
    <subfield code="c">LOW</subfield>
    <subfield code="d">2017-07-26</subfield>
    <subfield code="e">Donation</subfield>
    <subfield code="o">079.62 &#x645; &#x646; &#x635;</subfield>
    <subfield code="p">000046216</subfield>
    <subfield code="r">2025-07-15 00:00:00</subfield>
    <subfield code="x">&#x625;&#x647;&#x62F;&#x627;&#x621; &#x645;&#x646; &#x62F;. &#x645;&#x62D;&#x645;&#x62F; &#x634;&#x648;&#x645;&#x627;&#x646;.</subfield>
    <subfield code="y">BB</subfield>
  </datafield>
</record>
